Evaluación de catalizadores heterogéneos de Fenton basados en cobalto, hierro y manganeso, soportados sobre un sustrato de diatomita, para la degradación de bromacil presente en agua
Guardat en:
| Autor principal: | |
|---|---|
| Altres autors: | |
| Format: | Llibre |
| Idioma: | Spanish |
| Publicat: |
San José, Costa Rica
2019
|
| Etiquetes: |
Afegir etiqueta
Sense etiquetes, Sigues el primer a etiquetar aquest registre!
|
MARC
| LEADER | 00000nam a22000007a 4500 | ||
|---|---|---|---|
| 003 | 013059 | ||
| 005 | 20230427114643.0 | ||
| 008 | 190517b2019 C a|||| |m|| 00| ||spa d | ||
| 040 | |c cru CEDI | ||
| 100 | |9 454 |a Gonzaga Alemán, Xoshilt, 1992- | ||
| 245 | |a Evaluación de catalizadores heterogéneos de Fenton basados en cobalto, hierro y manganeso, soportados sobre un sustrato de diatomita, para la degradación de bromacil presente en agua | ||
| 260 | |a San José, Costa Rica |c 2019 | ||
| 500 | |a Proyecto de graduación(licenciatura en ingeniería química)--Universidad de Costa Rica. Facultad de Ingeniería. Escuela de Ingeniería Química | ||
| 501 | |a Director de Proyecto de Graduación: Ing. Esteban Durán Herrera, PhD. | ||
| 700 | |9 151 |a Durán Herrera, Esteban, 1971- |d Director del TFG | ||
| 942 | |c CEDI |h TFG 8209 |6 TFG_8209_000000000000000 | ||
| 999 | |c 21701 |d 21701 | ||
